Statistics for Oldest US States

Click here to take the quiz!

General Stats

  • This quiz has been taken 47 times
  • The average score is 6 of 11

Answer Stats

Statehood YearState% Correct
1788Connecticut/Georgia/Maryland/Massachusetts/New Hampshire/New York/South Carolina/Virginia
100%
1787Delaware/New Jersey/Pennsylvania
87%
1803Ohio
63%
1789North Carolina
55%
1792Kentucky
50%
1816Indiana
47%
1796Tennessee
45%
1791Vermont
42%
1790Rhode Island
39%
1812Louisiana
32%
1817Mississippi
29%

Score Distribution

Percentile by Number Answered

Percent of People with Each Score

Your Score History

You have not taken this quiz